Guess The Movie By The Badly Explained Plot #1 - Statistics

General Stats
  • This quiz has been taken 10 times
  • The average score is 2 of 10
Answer Stats
Hint Answer % Correct
Woman Finds Love After Realizing She Isn't the Right Species Shrek
78%
Woman Goes to Her Relative'sDrugstore Resulting in her Becoming Dumb The Little Mermaid
33%
Ghosts Send a Nerd Who Just Murdered TheirBest Warrior to Guard an Imposter Mulan
22%
Jealous Man Meets Delusional Man and TheyTeam Up to Scar an 11 Year Old For Life Toy Story
22%
Man Willingly Gets Captured Elio
11%
Man Desperately Avoids a Promotion How to Train Your Dragon/ Kung Fu Panda 4
11%
Man Does Illegal Surgery Possibly Doomingthe World Moana
11%
Man Gets Scam Artist to Kill him Just to Be aVillain Shrek: Forever After
11%
NPC Gets Dragged Into a Crime SyndicateResulting in him Having a Very Meta Identity Crisis Until the End of the Movie The Lego Movie
11%
Insecure Person Runs Away From NoseyPerson Because her Boyfriend is the Villain Frozen
0%
No matching quizzes found
Score Distribution
Percent of People with Each Score
Percentile by Number Answered
Your Score History
You have not taken this quiz